| 000 | 03513cam a22005414a 4500 | ||
|---|---|---|---|
| 001 | 74726 | ||
| 005 | 20230410133045.0 | ||
| 008 | 990629s1999 nyu b 000 0 eng | ||
| 010 | _a 99037902 | ||
| 035 | _a(OCoLC)ocm41880318 | ||
| 040 |
_aDLC _cDLC _dPSM _dBAKER _dBTCTA _dYDXCP _dOCLCG _dIG# _dZWZ |
||
| 019 | _a50291972 | ||
| 020 | _a1573927481 (alk. paper) | ||
| 020 | _a9781573927482 (alk. paper) | ||
| 029 | 1 |
_aYDXCP _b1589989 |
|
| 029 | 1 |
_aIG# _b9781573927482 |
|
| 029 | 1 |
_aZWZ _b049215108 |
|
| 035 |
_a(OCoLC)41880318 _z(OCoLC)50291972 |
||
| 042 | _apcc | ||
| 050 | 1 | 4 |
_aBF575 _bH364 1999 |
| 082 | 0 | 0 |
_a303.3/85 _221 |
| 049 | _aGRAL | ||
| 245 | 0 | 0 |
_aHatred, bigotry, and prejudice : _bdefinitions, causes & solutions / _cedited by Robert M. Baird & Stuart E. Rosenbaum. |
| 260 |
_aAmherst, N.Y. : _bPrometheus Books, _c1999. |
||
| 300 |
_a290 p. ; _c23 cm. |
||
| 490 | 1 | _aContemporary issues | |
| 504 | _aIncludes bibliographical references (p. 287-288). | ||
| 505 | 0 | 0 |
_tCreative democracy : the task before us / _rJohn Dewey -- _tHate of the union : why homophobia has become America's favorite pastime / _rMichael Musto -- _tBlight to life : antiabortion extremists and another murdered doctor / _rSharon Lerner -- _tFirestarters : my journey to Jasper / _rDavid Grann -- _tSchool's been blown to pieces : everyday terror in the suburbs south of Denver / _rFrank Kogan -- _tMatthew's passion / _rTony Kushner -- _tR.A.V., petitioner v. City of St. Paul, Minnesota -- _tThe hate debate / _rNew republic editorial -- _tCanon to the ordinary / _rPatricia J. Williams -- _tCivility without censorship : the ethics of the Internet : cyberhate / _rRaymond W. Smith -- _tEquality / _rAbraham Kaplan -- _tThe nature of hatred / _rGordon Allport -- _tThe portrait of the anti-Semite / _rJean-Paul Sartre -- _tConstruction, deconstruction, and reconstruction of difference / _rPaula Rothenberg -- _tThe causes of prejudice / _rElliot Aronson -- _tThe biology of nepotism / _rPierre van den Berghe -- _tPrejudice and reason / _rBrice Wachterhauser -- _tEvolutionary morality and xenophobia / _rEdward O. Wilson -- _tThe hate that makes men straight : psychoanalysts probe the roots of homophobia / _rRichard Golstein -- _tIs racial discrimination arbitrary? / _rPeter Singer -- _tGay basics : some questions, facts, and values / _rRichard D. Mohr -- _tA classical case for gay studies / _rMartha Nussbaum -- _tStateways can change folkways / _rElliot Aronson -- _tToward the elimination of racism : the study of intergroup behavior / _rSamuel L. Gaertner and John F. Dovidio -- _tThe making of an American democratic socialist of African descent / _rCornell West -- _tHuman rights, rationality, and sentimentality / _rRichard Rorty -- _tAn exercise in civility / _rMartin Marty. |
| 650 | 0 | _aPrejudices. | |
| 650 | 0 | _aHate. | |
| 650 | 0 | _aToleration. | |
| 650 | 7 |
_aPréjugés _zEtats-Unis. _2ram |
|
| 650 | 7 |
_aRacisme _zEtats-Unis. _2ram |
|
| 650 | 7 |
_aTolérance. _2ram |
|
| 650 | 7 |
_aDiscrimination raciale _zEtats-Unis. _2ram |
|
| 650 | 7 |
_aMinorités _xCrimes contre _zâEtats-Unis. _2ram |
|
| 650 | 7 |
_aFanatisme. _2ram |
|
| 700 | 1 |
_aBaird, Robert M., _d1937- |
|
| 700 | 1 | _aRosenbaum, Stuart E. | |
| 830 | 0 | _aContemporary issues (Buffalo, N.Y.) | |
| 938 |
_aBaker & Taylor _bBKTY _c22.00 _d16.50 _i1573927481 _n0003305459 _sactive |
||
| 938 |
_aBaker and Taylor _bBTCP _n99037902 |
||
| 938 |
_aYBP Library Services _bYANK _n1589989 |
||
| 938 |
_aIngram _bINGR _n9781573927482 |
||
| 942 |
_2lcc _cbk |
||
| 946 | _accruz | ||
| 994 |
_aC0 _bDRFGD |
||
| 999 |
_c92577 _d92577 |
||